000 00559nam a2200169 a 4500
005 20140414132107.0
008 100902s19uu xx 00 eng d
050 _aM 797.5
_bL46 2008
100 _aGale, Lesley.
245 _aSkydiving /
_cby Lesley Gale.
260 _a[Pleasantville, NY] :
_bGareth Stevens Pub,
_cc2008.
440 _aUltimate thrill sports
500 _aContents: Introduction -- All the gear -- Canopy flight -- Free fall -- Getting started -- Extreme skydiving
650 _aSkydiving
_x History.
650 _a
_x
999 _c114628
_d114628